<?xml version="1.0" encoding="UTF-8"?>
<record
    xmlns:xsi="http://www.w3.org/2001/XMLSchema-instance"
    xsi:schemaLocation="http://www.loc.gov/MARC21/slim http://www.loc.gov/standards/marcxml/schema/MARC21slim.xsd"
    xmlns="http://www.loc.gov/MARC21/slim">

  <leader>00489nam a22001457a 4500</leader>
  <datafield tag="999" ind1=" " ind2=" ">
    <subfield code="c">113443</subfield>
    <subfield code="d">113443</subfield>
  </datafield>
  <controlfield tag="005">20190803091453.0</controlfield>
  <controlfield tag="008">190803b           ||||| |||| 00| 0 eng d</controlfield>
  <datafield tag="040" ind1=" " ind2=" ">
    <subfield code="c">PK-LaUMT</subfield>
  </datafield>
  <datafield tag="082" ind1=" " ind2=" ">
    <subfield code="a">MSC 801.95</subfield>
    <subfield code="b">HAS-M</subfield>
  </datafield>
  <datafield tag="100" ind1=" " ind2=" ">
    <subfield code="a">Hassan Askari Kazmi = &#x62D;&#x633;&#x646; &#x639;&#x633;&#x6A9;&#x631;&#x6CC; &#x6A9;&#x627;&#x638;&#x645;&#x6CC;</subfield>
  </datafield>
  <datafield tag="245" ind1=" " ind2=" ">
    <subfield code="a">Meyar-e-hunar (tanqeed, tabsary aur jaizay) =  &#x645;&#x639;&#x6CC;&#x627;&#x631; &#x6C1;&#x646;&#x631; /</subfield>
    <subfield code="c">by Hassan Askari Kazmi = &#x62D;&#x633;&#x646; &#x639;&#x633;&#x6A9;&#x631;&#x6CC; &#x6A9;&#x627;&#x638;&#x645;&#x6CC;</subfield>
  </datafield>
  <datafield tag="260" ind1=" " ind2=" ">
    <subfield code="a">Lahore :</subfield>
    <subfield code="b">Izhar Sons,</subfield>
    <subfield code="c">2014</subfield>
  </datafield>
  <datafield tag="300" ind1=" " ind2=" ">
    <subfield code="a">451 p.</subfield>
  </datafield>
  <datafield tag="942" ind1=" " ind2=" ">
    <subfield code="c">BK</subfield>
  </datafield>
  <datafield tag="952" ind1=" " ind2=" ">
    <subfield code="0">0</subfield>
    <subfield code="1">0</subfield>
    <subfield code="4">0</subfield>
    <subfield code="7">0</subfield>
    <subfield code="a">01</subfield>
    <subfield code="b">01</subfield>
    <subfield code="d">2019-08-03</subfield>
    <subfield code="l">0</subfield>
    <subfield code="o">MSC 801.95 HAS-M</subfield>
    <subfield code="p">112535</subfield>
    <subfield code="r">2019-08-03 00:00:00</subfield>
    <subfield code="w">2019-08-03</subfield>
    <subfield code="y">BK</subfield>
  </datafield>
</record>
